000 00363nam a22001577a 4500
003 MPLRDC
005 20220104125736.0
008 210129b ||||| |||| 00| 0 eng d
082 _a930.9401 LZQ
100 _a李再钤编著
245 _a希腊雕刻
_c
260 _a
_b雄狮图书公司
_c1976
300 _b
650 _a
942 _cBK
_o930.9401 LZQ
999 _c29770
_d29760